| 000 | 00962njm a2200277 c 4500 | ||
|---|---|---|---|
| 003 | BLK | ||
| 005 | 20240823005407.0 | ||
| 008 | 180410b bul||n||s|||||||| n|bulo| | ||
| 010 | _aCDD00006618000 | ||
| 040 | _aBLK | ||
| 041 |
_aBUL _cDEU |
||
| 100 | 1 |
_aMahler, Gustav _917569 |
|
| 700 | 1 |
_aБахметьев, П. _e* _9387511 |
|
| 139 |
_aMahler, Gustav _bM 18 |
||
| 245 | 1 | 0 |
_aGustav Mahler [аудио CD] _bCD 1 - 3 _cGustav Mahler; * П. Бахметьев. _nCD 2 _pSymphony No 3 in D minor (IV-VI) ; Symphony No 8 in E flat major ; "Symphony of a Thousand" (I. Teil) |
| 257 | _aBGR | ||
| 260 |
_аPrague _c1983 |
||
| 380 | _a7 | ||
| 760 | 1 |
_aMahler, Gustav _d1983 _tCD 2 Symphony No 3 in D minor (IV-VI) ; Symphony No 8 in E flat major ; "Symphony of a Thousand" (I. Teil) |
|
| 852 |
_aЦб CD 3128 _p0 |
||
| 856 | 4 |
_qpdf _u |
|
| 856 | 4 |
_qpdf _u |
|
| 942 |
_cCDD _n0 |
||
| 944 |
_aCR _c30.05.2012 _k _lCRON CRON |
||
| 944 |
_aED _c30.05.2012 _k |
||
| 999 |
_c225139 _d225139 |
||